Nomeie cada pokémon #8 - Statistics

Estatísticas Gerais
  • Esse quiz foi jogado 27 vezes
  • A pontuação média é 22 de 28
Estatísticas das Respostas
Imagem Resposta % Correto
Raichu
100%
Raticate
100%
Kakuna
96%
Vulpix
96%
Mega Alakazam
88%
Porygon
88%
Psyduck
88%
Eevee
84%
Gengar
84%
Hitmonchan
84%
Kadabra
84%
Mega Pinsir
84%
Starmie
84%
Moltres
80%
Weezing
80%
Chansey
76%
Krabby
76%
Magmar
76%
Venomoth
76%
Mega Kangaskhan
72%
Graveler
68%
Weepinbell
68%
Alolan Raichu
64%
Alolan Raticate
64%
Alolan Rattata
64%
Alolan Sandslash
64%
Farfetch’d
64%
Poliwhril
40%
Nenhum quiz correspondente encontrado
Distribuição das Pontuações
Porcentagem de Pessoas com Cada Pontuação
Percentil de Números Respondidos
Sua Pontuação Histórica
Você não jogou esse quiz